000 00950nam a22002417a 4500
001 83767
003 BD-RjUL
005 20240518165531.0
008 240518s2000 bg a|||| m||| 00| 0 eng d
035 _a(BD-RjUL)83767
040 _aBD-RjUL
_beng
_cBD-RjUL
_dBD-RjUL
041 _aeng
082 _223
_a594.3
_bRAF 2000
100 _aRahman, Md. Redwanur
245 1 0 _aFreshwater gastropods in relation to helminth parasites of Bangladesh /
_cby Md. Redwanur Rahman ;
_6Supervisor : Md. Sarwar Jahan
260 _aRajshahi :
_bDepartment of Zoology Faculty of Life and Earth Sciences, University of Rajshahi,
_c2000
300 _a[6], 264 leaves :
_bill, ;
_c29.cm.
502 _aThesis (Ph. D.) -- Department of Zoology Faculty of Life and Earth Sciences, University of Rajshahi, 2000
504 _aReferences : Leaves 216 - 248
650 _aGastropoda
_vFreshwater
_913056
700 _aJahan, Md. Sarwar, Supervisor
_91916
942 _2ddc
_cTHE
999 _c83767
_d83767